El Banco Centroamericano de Integración Económica (BCIE) /

Gespeichert in:
Bibliographische Detailangaben
1. Verfasser: Ossa, Alvaro de la
Format: Text
Schlagworte:
Tags: Tag hinzufügen
Keine Tags, Fügen Sie den ersten Tag hinzu!

MARC

LEADER 00000 a a2200000 04500
001 16138
003
040
100 |a Ossa, Alvaro de la  
245 |a El Banco Centroamericano de Integración Económica (BCIE) /  |c Alvaro de la Ossa 
650 |a BCIE  
650 |a INTEGRACION REGIONAL  
650 |a ORGANIZACIONES INTERGUBERNAMENTALES  
650 |a POLITICA ECONOMICA  
650 |a NEOLIBERALISMO  
650 |a CRISIS  
650 |a GOBIERNO  
650 |a DESARROLLO ECONOMICO Y SOCIAL  
650 |a LEGISLACION  
650 |a MCCA  
773 |g número 48; páginas 119-148  
999 |c 32341  |d 32341